Lịch sử thế giới Trung đại

Sách gồm hai phần. Phần 1: trình bày lịch sử các nước Tây Âu từ thế kỷ thứ V đến thế kỷ XVI. Phần 2 : trình bày lịch sử trung đại các nước Phương Đông.

Kaydedildi:
Detaylı Bibliyografya
Materyal Türü: Kitap
Dil:Undetermined
Baskı/Yayın Bilgisi: Hà Nội Giáo dục Việt Nam 2010
Konular:
Etiketler: Etiketle
Etiket eklenmemiş, İlk siz ekleyin!
Thư viện lưu trữ: Trung tâm Học liệu Trường Đại học Cần Thơ
LEADER 00855nam a2200205Ia 4500
001 CTU_166792
008 210402s9999 xx 000 0 und d
020 |c 39000 
082 |a 940.1 
082 |b L302 
245 0 |a Lịch sử thế giới Trung đại 
245 0 |c Nguyễn Gia Phu...[et al.] 
260 |a Hà Nội 
260 |b Giáo dục Việt Nam 
260 |c 2010 
520 |a Sách gồm hai phần. Phần 1: trình bày lịch sử các nước Tây Âu từ thế kỷ thứ V đến thế kỷ XVI. Phần 2 : trình bày lịch sử trung đại các nước Phương Đông. 
650 |a World history,Middle ages,Lịch sử thế giới,Trung đại 
650 |x History,Lịch sử 
904 |i Năm 
980 |a Trung tâm Học liệu Trường Đại học Cần Thơ